000 00310nam a22001457a 4500
008 190205b xxu||||| |||| 00| 0 eng d
020 _a013876848
041 _aeng
080 _a37
082 _a37
100 _a47
101 _aEDU
245 _aSupervision today
_cRobbins PStephen
942 _2udc
_cBK
999 _c53992
_d53992